DATA MINING: INTRODUCTORY AND ADVANCED TOPICS (Record no. 18334)
[ view plain ]
| 000 -LEADER | |
|---|---|
| fixed length control field | 00358nam a22001577a 4500 |
| 003 - CONTROL NUMBER IDENTIFIER | |
| control field | SGT |
| 020 ## - INTERNATIONAL STANDARD BOOK NUMBER | |
| International Standard Book Number | 9788177587852 |
| 082 ## - DEWEY DECIMAL CLASSIFICATION NUMBER | |
| Classification number | 006.312,DUN |
| 100 ## - MAIN ENTRY--PERSONAL NAME | |
| Personal name | DUNHAM MARGARET |
| 245 ## - TITLE STATEMENT | |
| Title | DATA MINING: INTRODUCTORY AND ADVANCED TOPICS |
| 250 ## - EDITION STATEMENT | |
| Edition statement | 17TH |
| 260 ## - PUBLICATION, DISTRIBUTION, ETC. (IMPRINT) | |
| Place of publication, distribution, etc | CHENNAI |
| Name of publisher, distributor, etc | PEARSON |
| Year of Publication | 2013 |
| 300 ## - PAGE DESCRIPTION | |
| No. of Pages | 311 |
| 650 ## - SUBJECT ADDED ENTRY--TOPICAL TERM | |
| Topical term or geographic name as entry element | COMPUTER |
| 942 ## - ADDED ENTRY ELEMENTS (KOHA) | |
| Source of classification or shelving scheme | Dewey Decimal Classification |
| Koha item type | Books |
| 942 ## - ADDED ENTRY ELEMENTS (KOHA) | |
| -- | 3 |
| Withdrawn status | Lost status | Source of classification or shelving scheme | Damaged status | Not for loan | Collection code | Home library | Current library | Shelving location | Date acquired | Vendor Name | Cost, normal purchase price | SGTU | Bill Number | Total Checkouts | Full call number | Accession No. (Barcode) | Date last seen | Date last borrowed | Bill Date | Koha item type | Use restrictions |
|---|---|---|---|---|---|---|---|---|---|---|---|---|---|---|---|---|---|---|---|---|---|
| Dewey Decimal Classification | ENGINEERING | SGT Engineering Library | SGT Engineering Library | Text Book | 19/06/2019 | KIRTI PRAKASHAN | 699.00 | SGTU | IN3435 | 3 | 006.312,DUN | FE7394 | 14/08/2024 | 14/08/2024 | 29/03/2019 | Books | |||||
| Dewey Decimal Classification | Not For Loan | ENGINEERING | SGT Engineering Library | SGT Engineering Library | Reference Book | 19/06/2019 | KIRTI PRAKASHAN | 699.00 | SGTU | IN3435 | 006.312,DUN | FE7395 | 19/06/2019 | 29/03/2019 | Books | Restricted Access |